Statistics for Rod Stewart Charting Songs (Billboard Hot 100)

Click here to take the quiz!

General Stats

  • This quiz has been taken 129 times
    (80 since last reset)
  • The average score is 9 of 52

Answer Stats

AlbumWeeks OnPeakArtist(s)Song% Correct
Every Picture Tells a Story21 Weeks#1 (5 Weeks)Rod StewartMaggie May / Reason to Believe
87%
Atlantic Crossing7 Weeks#58Rod StewartSailing
60%
Blondes Have More Fun21 Weeks#1 (4 Weeks)Rod StewartDo Ya Think I'm Sexy?
57%
Foot Loose & Fancy Free11 Weeks#28Rod StewartHot Legs
54%
Tonight I'm Yours19 Weeks#5Rod StewartYoung Turks
51%
A Night on the Town23 Weeks#1 (8 Weeks)Rod StewartTonight's the Night (Gonna Be Alright)
50%
Body Wishes14 Weeks#14Rod StewartBaby Jane
38%
Out of Order24 Weeks#12Rod StewartForever Young
34%
Foot Loose & Fancy Free22 Weeks#4Rod StewartYou're In My Heart (The Final Acclaim)
34%
Storyteller / The Best of Rod Stewart18 Weeks#3Rod StewartDowntown Train
32%
A Night on the Town10 Weeks#30Rod StewartThe Killing of Georgie (Part I and II)
32%
Never a Dull Moment10 Weeks#13Rod StewartYou Wear It Well
31%
The Three Muskateers22 Weeks#1 (3 Weeks)Bryan Adams / Rod Stewart / StingAll For Love
26%
A Night on the Town12 Weeks#21Rod StewartThe First Cut is the Deepest
26%
Atlantic Crossing11 Weeks#46Rod StewartI Don't Want to Talk About It
25%
Camouflage17 Weeks#10Rod StewartSome Guys Have All the Luck
21%
Tonight I'm Yours14 Weeks#20Rod StewartTonight I'm Yours (Don't Hurt Me)
21%
Every Beat of My Heart6 Weeks#83Rod StewartEvery Beat of My Heart
19%
Vagabond Heart18 Weeks#5Rod StewartRhythm of My Heart
19%
Unplugged...and Seated22 Weeks#5Rod StewartHave I Told You Lately
18%
Foot Loose & Fancy Free12 Weeks#22Rod StewartI Was Only Joking
18%
Camouflage18 Weeks#6Rod StewartInfatuation
16%
Unplugged...and Seated20 Weeks#19Rod StewartReason to Believe
16%
Vagabond Heart17 Weeks#10Rod StewartThe Motown Song
15%
Atlantic Crossing4 Weeks#83Rod StewartThis Old Heart of Mine
15%
Storyteller / The Best of Rod Stewart16 Weeks#10Rod Stewart with Ronald IsleyThis Old Heart of Mine
15%
An Old Raincoat Won't Ever Let You Down6 Weeks#42Rod StewartHandbags and Gladrags
13%
Foolish Behaviour20 Weeks#5Rod StewartPassion
12%
Out of Order18 Weeks#12Rod StewartLost in You
10%
Every Beat of My Heart18 Weeks#6Rod StewartLove Touch
9%
Out of Order25 Weeks#4Rod StewartMy Heart Can't Tell You No
7%
Flash10 Weeks#48Jeff Beck & Rod StewartPeople Get Ready
6%
Blondes Have More Fun12 Weeks#22Rod StewartAin't Love a Bitch
4%
At. Long. Last. A$AP2 Weeks#92A$AP Rocky ft. Rod Stewart x Miguel x Mark RonsonEveryday
4%
When We Were the New Boys20 Weeks#39Rod StewartOoh La La
4%
Never a Dull Moment7 Weeks#40Rod StewartAngel
3%
Out of Order17 Weeks#11Rod StewartCrazy About Her
3%
If We Fall in Love Tonight20 Weeks#54Rod StewartIf We Fall in Love Tonight
3%
Body Wishes12 Weeks#35Rod StewartWhat Am I Gonna Do (I'm So In Love with You)
3%
Vagabond Heart20 Weeks#20Rod StewartBroken Arrow
1%
Unplugged...and Seated20 Weeks#36Rod StewartHaving a Party
1%
Tonight I'm Yours9 Weeks#49Rod StewartHow Long
1%
Every Picture Tells a Story9 Weeks#24Rod Stewart(I Know) I'm Losing You
1%
A Spanner in the Works12 Weeks#52Rod StewartLeave Virginia Alone
1%
Non-Album Single8 Weeks#59Rod StewartOh! No Not My Baby
1%
Two Rooms (Elton John Tribute)9 Weeks#48Rod StewartYour Song
1%
Camouflage6 Weeks#72Rod StewartAll Right Now
0%
Every Beat of My Heart9 Weeks#52Rod StewartAnother Heartache
0%
Smiler2 Weeks#91Rod StewartMine for Me
0%
Foolish Behaviour5 Weeks#71Rod StewartSomething Special
0%
Never a Dull Moment7 Weeks#59Rod StewartTwistin' the Night Away
0%
Innerspace4 Weeks#80Rod StewartTwistin' the Night Away
0%

Score Distribution

Percentile by Number Answered

Percent of People with Each Score

Your Score History

You have not taken this quiz since the last reset